000 00947cam a22002411 4500
001 sa 68000953
003 DLC
005 20260227112428.0
008 710903s1967 ii b 00010 eng
010 _asa 68000953 //r95
025 _aPL480:I-E-9228
040 _aDLC
_cDLC
_dDLC
_dMoSU-L
043 _aa-ii---
050 0 0 _aJX916 1966
_b.S3
082 0 0 _a016.3412/54
100 1 _aSamuel, C. M.,
_ecomp.
245 1 0 _aIndia treaty manual, 1966,
_bgiving citations to the text of over 1000 treaties binding India in 1966; arranged chronologically with a numerical part giving their register numbers in the League and UN records.
_cCompiled from non-official sources by C. M. Samuel.
260 _a[Kozhikode,
_bC.M. Samuel,
_c1967]
300 _aviii, 232 p.
_c22 cm.
350 _aRs35
_a$12
504 _aBibliographical references included in "guide to abbreviations": p. [v]
651 0 _aIndia
_xForeign relations
_xTreaties
_xBibliography.
999 _c77576
_d77576